The 8086 and 80286 microprocessors : (Record no. 176156)
[ view plain ]
| 000 -LEADER | |
|---|---|
| fixed length control field | 01851 a2200229 4500 |
| 003 - CONTROL NUMBER IDENTIFIER | |
| control field | Nust |
| 005 - DATE AND TIME OF LATEST TRANSACTION | |
| control field | 20241018094008.0 |
| 010 ## - LIBRARY OF CONGRESS CONTROL NUMBER | |
| LC control number | 89016126 |
| 020 ## - INTERNATIONAL STANDARD BOOK NUMBER | |
| International Standard Book Number | 0132453258 |
| 040 ## - CATALOGING SOURCE | |
| Transcribing agency | Nust |
| 082 00 - DEWEY DECIMAL CLASSIFICATION NUMBER | |
| Classification number | 004.165,TRI |
| 100 0# - MAIN ENTRY--PERSONAL NAME | |
| Personal name | Avtar Singh, |
| 9 (RLIN) | 95144 |
| 245 14 - TITLE STATEMENT | |
| Title | The 8086 and 80286 microprocessors : |
| Remainder of title | hardware, software, and interfacing / |
| Statement of responsibility, etc. | Avtar Singh, Walter A. Triebel. |
| 260 ## - PUBLICATION, DISTRIBUTION, ETC. | |
| Place of publication, distribution, etc. | Englewood Cliffs, N.J. : |
| Name of publisher, distributor, etc. | Prentice Hall, |
| Date of publication, distribution, etc. | c2007. |
| 300 ## - PHYSICAL DESCRIPTION | |
| Extent | xv, 560 p. : |
| Other physical details | ill. ; |
| Dimensions | 24 cm. |
| 505 ## - FORMATTED CONTENTS NOTE | |
| Formatted contents note | Introduction to Microprocessors and Microcomputers (Page-1), Software Architecture of the 8088 and 8086 Microprocessors (Page-13), Assembly Language Programming (Page-42), Machine Language Coding and the Debug Software Developments Program of the PC (Page-84), 8088/8086 Programming Integer Instruction and Competent (Page-136), 8088/8086 Programming Control Flow Instruction and Program Structures (Page-200)Assembly Language Program Development with MASM (Page-266) The 8088 and 8086 Pin Configuration and Their Memory and Input / Output Interfaces (Page-315) Memory Devices Circuits and Subsystems Design (Page-372), Input /Output Interfacing Circuits and LSI Peripheral Devices (Page-425), Interrupt Interface of the 8088 and 8086 Microprocessor (Page-530), Real Modes Software and Hardware Architecture of the 80286 Microprocessor (Page-574), The 80386 and 80486 and Pentium Processors Families Software Architecture (Page-621), The 80386, 80486 and Pentium Processor Families Hardware Architecture (Page-715), Connecting Assembly Languages To C (Page-808). |
| 650 #0 - SUBJECT ADDED ENTRY--TOPICAL TERM | |
| Topical term or geographic name entry element | Intel 80286 (Microprocessor) |
| 9 (RLIN) | 95145 |
| 650 #0 - SUBJECT ADDED ENTRY--TOPICAL TERM | |
| Topical term or geographic name entry element | Intel 8086 (Microprocessor) |
| 9 (RLIN) | 95146 |
| 700 1# - ADDED ENTRY--PERSONAL NAME | |
| Personal name | Triebel, Walter A. |
| 9 (RLIN) | 81551 |
| 740 0# - ADDED ENTRY--UNCONTROLLED RELATED/ANALYTICAL TITLE | |
| Uncontrolled related/analytical title | Eight thousand eighty-six and eighty thousand two hundred eighty-six microprocessors. |
| 942 ## - ADDED ENTRY ELEMENTS (KOHA) | |
| Source of classification or shelving scheme | |
| Koha item type | Book |
| Call number prefix | 004.165,TRI |
| Withdrawn status | Lost status | Source of classification or shelving scheme | Damaged status | Not for loan | Collection code | Permanent Location | Current Location | Date acquired | Total Checkouts | Full call number | Barcode | Checked out | Date last seen | Date last checked out | Price effective from | Koha item type | Shelving location | Public note |
|---|---|---|---|---|---|---|---|---|---|---|---|---|---|---|---|---|---|---|
| Military College of Signals (MCS) | Military College of Signals (MCS) | 12/12/2016 | 1 | 004.165 TRI | MCS33232 | 12/23/2022 | 08/25/2022 | 08/25/2022 | 12/12/2016 | Book | ||||||||
| Military College of Signals (MCS) | Military College of Signals (MCS) | 12/12/2016 | 1 | 004.165,TRI | MCS34489 | 03/02/2026 | 02/18/2026 | 12/12/2016 | Book | General Stacks | Almirah No.2, Shelf No.2 |
